Southville International School and Colleges
Your cart is empty.
  • Cart
  • Lists
    Public lists Eva Luna New books Lux_list list_1
    Your lists Log in to create your own lists
  • Log in to your account
  • Your cookies
  • Search history
Southville International School and Colleges
  • Advanced search
  • Recent comments
  • Most popular
  • Libraries

Log in to your account

Log in with GOOGLE


If you do not have an external account, but do have a local account, you can still log in:

  1. Home
  2. MARC view: Barron's English for foreign language speakers :
Normal view MARC view ISBD view

Barron's English for foreign language speakers : (Record no. 16967)

[ view plain ]
MARC details
000 -LEADER
fixed length control field 00535nam a22001817a 4500
003 - CONTROL NUMBER IDENTIFIER
control field OSt
005 - DATE AND TIME OF LATEST TRANSACTION
control field 20140310182849.0
008 - FIXED-LENGTH DATA ELEMENTS--GENERAL INFORMATION
fixed length control field 130220t xxu||||| |||| 00| 0 eng d
020 ## - INTERNATIONAL STANDARD BOOK NUMBER
International Standard Book Number 0764137365
050 ## - LIBRARY OF CONGRESS CALL NUMBER
Classification number PE 1128
Item number .L336 2008
100 ## - MAIN ENTRY--PERSONAL NAME
Personal name Lacie, Christina
9 (RLIN) 897
245 ## - TITLE STATEMENT
Title Barron's English for foreign language speakers :
Statement of responsibility, etc Christina Lacie
Remainder of title the easy way /
260 ## - PUBLICATION, DISTRIBUTION, ETC. (IMPRINT)
Place of publication, distribution, etc Hauppauge [NY]
Name of publisher, distributor, etc Barron's Educational Series
Date of publication, distribution, etc c2008.
300 ## - PHYSICAL DESCRIPTION
Extent 459 p. :
Dimensions 28 cm.
650 ## - SUBJECT ADDED ENTRY--TOPICAL TERM
Topical term or geographic name as entry element English
9 (RLIN) 16954
942 ## - ADDED ENTRY ELEMENTS (KOHA)
Source of classification or shelving scheme Library of Congress Classification
Koha item type Books
Holdings
Withdrawn status Lost status Source of classification or shelving scheme Damaged status Home library Current library Shelving location Date acquired Total Checkouts Full call number Barcode Date last seen Date checked out Copy number Price effective from Koha item type
    Library of Congress Classification   College Library College Library General Circulation Section 09/06/2013 1 PE 1128 .L336 2008 C14474 10/16/2025 10/01/2025 1 09/06/2013 Books

Barron's English for foreign language speakers :

APA

Lacie C., . (2008). Barron's English for foreign language speakers. Hauppauge [NY]: Barron's Educational Series.

Chicago

Lacie Christina, . 2008. Barron's English for foreign language speakers. Hauppauge [NY]: Barron's Educational Series.

Harvard

Lacie C., . (2008). Barron's English for foreign language speakers. Hauppauge [NY]: Barron's Educational Series.

MLA

Lacie Christina, . Barron's English for foreign language speakers. Hauppauge [NY]: Barron's Educational Series. 2008.

  • Place hold
  • Print
  • Cite
  • Add to your cart (remove)
  • Save record
    BIBTEX Dublin Core MARCXML MARC (non-Unicode/MARC-8) MARC (Unicode/UTF-8) MARC (Unicode/UTF-8, Standard) MODS (XML) RIS
  • More searches
    Search for this title in:
    Other Libraries (WorldCat) Other Databases (Google Scholar) Online Stores (Bookfinder.com) Open Library (openlibrary.org)

Exporting to Dublin Core...

SOUTHVILLE LIBRARY

Southville International School and Colleges Library

1281 Tropical Ave. Cor. Luxembourg St., BF Homes International, Las Pinas City

Tel. No. 8256374 / 252358 Loc. 117/146

Powered by Koha